| 000 | 00706 a2200265 4500 | ||
|---|---|---|---|
| 001 | 75365 | ||
| 003 | TR-AnTOB | ||
| 005 | 20241119121349.0 | ||
| 008 | 100901s1996 tu 000 0 | ||
| 020 | _a9754781060 | ||
| 040 |
_aTR-AnTOB _cTR-AnTOB |
||
| 041 | 0 | _atur | |
| 050 | 1 | 4 |
_aPL264.T161 _bT36 1996 |
| 090 | _aPL264.T161 T36 1996 | ||
| 100 | 1 |
_aTanaltay, Erdoğan _956100 |
|
| 245 | 0 | 0 |
_aIsırgan tarlasındaki gelincik : _b"Süreyya" : [Şiirler] / _cErdoğan Tanaltay. |
| 250 | _a4. bs. | ||
| 264 | 1 |
_aİstanbul : _bTekin, _c1996. |
|
| 300 |
_a62 s. ; _c19 cm. |
||
| 650 | 7 |
_aTürk şiiri _2etuturkob _984273 |
|
| 700 | 1 |
_aTanaltay, Erdoğan _956100 |
|
| 740 | _aSüreyya. | ||
| 942 |
_cBK _2lcc |
||
| 999 |
_c75365 _d28631 |
||